Quizzes
Events
Quiz Creation
Community
Videos
Private Events
Remove Ads
Sign In
Join for FREE
Feedback
Dark Mode
Quiz Categories
Sports
Geography
Music
Movies
Television
Just For Fun
Miscellaneous
History
Literature
Language
Science
Gaming
Entertainment
Religion
Holiday
For Kids
Quiz Lab
Recent
Popular Today
Quiz Kudos Today
Editor Picks
Curator Picks
Quizzes by...
Day
Popularity
Type
Ratings
Length
Year
Community
Subscriptions
Recent Discussions
Orange Saloon
Badges
Playlists
Quests
Create
Leaderboards
Showdown
Live 5
Trivia Bingo
Activity
Puzzle Library
Sporcle Events
Private Events
Virtual Trivia
Globe League
Become a Host
Pub Owners
SporcleCon
Opinionation
Our Games
Videos
Blog
Mobile Apps
Partnerships
Remove Ads and Go Orange
Feedback
Television
TV Characters
TV Show
Sitcom
Network
Friends
Reality Shows
Cast
South Park
Star Trek
The Simpsons
Doctor Who
Television
TV Characters
TV Show
Sitcom
Network
Friends
Reality Shows
Cast
South Park
Star Trek
The Simpsons
Doctor Who
Random Quiz
Search Sporcle
×
Quiz Lab
Quiz Lab
Television
Christmas
Type in answers that appear in a list
Type in answers that appear in a list
Classic
Best Score? Go Orange.
Community: Annie's Christmas Song Lyrics Stats
Can you name the lyrics to 'Teach Me How to Understand Christmas' from Community?
By
Shmoley
10m
115 Questions
256 Plays
256 Plays
256 Plays
Comments
Comments
Give Quiz Kudos
Give Quiz Kudos
-
- Ratings
hide this ad
Replay
Link that replays current quiz
Next Quiz
Link to next quiz in quiz playlist
You Got
0%
They Got
Avg Score
66%
Avg Friend Score
Upgrade to see
Score Distribution
Jump to the score distribution portion of the page
Score
0/115
Timer
10:00
0
Plays Today
Answer
% Correct
Christmas.
97.3%
Christmas.
97.3%
Christmas
97.3%
Christmas
97.3%
Cwistmas
97.3%
me
96.5%
me
96.5%
me
96.5%
me
96.5%
me
96.5%
to
96.1%
to
96.1%
to
96.1%
to
96.1%
how
94.9%
how
94.9%
how
94.9%
Teach
94.5%
Teach
94.5%
understand
94.1%
understand
94.1%
understandy
94.1%
a
89.1%
a
89.1%
a
89.1%
the
88.7%
the
88.7%
the
88.7%
Do
87.5%
Show
82.8%
you
79.7%
You
79.7%
sex.
79.7%
and
79.3%
tree
76.6%
be
76.2%
I'm
75.4%
I'm
75.4%
go?
74.6%
Answer
% Correct
It
74.2%
or
74.2%
it
74.2%
or
74.2%
I
73.8%
I
73.8%
I
73.8%
my
71.5%
my
71.5%
my
71.5%
stocking
70.3%
boop
69.9%
baby.
69.5%
for
68.8%
in
68.4%
does
68.4%
when
68%
little
67.6%
Where
67.6%
what
67.2%
head
66%
Tell
66%
box.
65.2%
doop
65.2%
open
64.5%
trim
64.5%
hurty
64.1%
Help
63.7%
Here?
63.3%
hurts
62.9%
bed
62.1%
Is
62.1%
have
62.1%
lying
61.7%
dumb
61.7%
smarty
60.9%
silly
60.5%
of
60.2%
deer?
60.2%
Answer
% Correct
fun.
59.8%
Boopy
58.6%
can't
57.8%
can't
57.8%
socks?
57.4%
Mistletoe
56.6%
doopy
56.6%
Are
56.3%
What's
55.1%
Santa's
54.3%
lady?
54.3%
cold
54.3%
hot?
53.9%
that
53.5%
daddy?
53.5%
it's
53.1%
see!)
52.7%
Won't
52.7%
good?
52%
Eve?
51.6%
sugarplum
51.2%
eaty
50.4%
taste
50.4%
deck
50%
with
49.6%
snowmen
49.2%
now
48.8%
Bwain
48.8%
'cause
48%
forgot.
48%
pwetty
47.3%
getting
46.5%
late.
46.1%
visions
45.3%
straight
39.8%
keep
34%
(I
24.2%
Quiz Playlist
Details
Report
Send in Message
Add To Playlist
Classic:
Type in answers that appear in a list
Quiz Source
Last Updated: Jul 18, 2021
Quiz Scoreboard
CHALLENGE
Sign Up to Join the Scoreboard
Show All
Scores
Hide
Comments
May contain spoilers
Recently Published
9x9 Crossword: Cartoon Network
by jackfrog10
Miscellaneous
3m
College Basketball Coaching Resumes
by pancakes188
Sports
9m
Billboard Blitz: Fleetwood Mac
by CooCooCachoo
Music
15s
More to Explore
Quiz From the Vault
Featured Blog Post
Where Did the Easter Bunny Come From?
hide this ad
You Might Also Like...
Tags
Christmas Quiz
Lyrics Quiz
Song Quiz
Community
Today's Top Quizzes in Television
Browse Television
hide this ad
Today's Top Quizzes in Christmas
Browse Christmas
Top Contributed Quizzes in Television
1
5-to-1: The Simpsons Families
2
5-to-1: Television Doctors
3
Adjectives in 80s TV Shows
4
Adjectives in 00s TV Shows
5
7-to-1: TV Show Settings
6
Adjectives in 10s TV Shows
7
Survivor Journey Challenge
8
5-to-1: Streaming Originals
9
Survivor Seasons
10
One Piece Logic Puzzle
Explore More
Trending Topics
Marvel
Harry Potter
NBA
Anime
Crossword
Kpop
Disney
Pokémon
Song
NFL
WWE
Puzzle
Soccer
The Office
Country
hide this ad
More By:
Shmoley
Quiz
Plays
Rating
Category
Featured
Created
Shakespeare On Stage
13,577
4.86
Literature
Feb 1, 2015
Mary-Kate or Ashley Olsen? (Slideshow)
682
4.67
Just For Fun
Apr 25, 2015
Kath & Kim Malapropisms
531
5.00
Television
Jan 5, 2021
Community: Annie's Christmas Song Lyrics
256
4.00
Television
Jun 5, 2016
Canadian TV- Shows for Adults (Slideshow)
209
4.83
Television
Dec 7, 2014
Go to Creator's Profile
Score Distribution
Quiz Creator Spotlight
Shmoley
Follow
Send a Message
Quizzes Created
-
Created Quiz Play Count
-
More By This Creator
Popular Quizzes Today
1
Find the US States - No Outlines Minefield
2
Find the Countries of Europe - No Outlines Minefield
3
The Countries of the World
4
Find the US States
5
Risky Map Clicking: Biggest States A-Z
6
US States
7
Popular People in 1961
8
Movies - When Are They Set?
More Television Quizzes
Movies in The Simpsons
Published
Trending Quizzes
Risky Map Clicking: Least Populous States A-Z
1-10 Letter G Words
Risky Map Clicking: Next State Alphabetically
Adjectives in 80s TV Shows
The Seven Year Switch: Catherine
Recently Updated
Leaping Animals
pecheneg
Reality TV Shows (A-Z)
bhenderson79
Rickey Henderson's Hall of Fame Teammates
pecheneg
Champions League XIs: Arsenal
pecheneg
Quick Pick: Celebrities in WWE's Hall of Fame
aduchscher
A-Z Keypad Blitz II
pecheneg
Multiple Oscar Actors
pecheneg
Mystery Phrase Blitz: Oscar 'Best Actors'
pecheneg
F. Scott Fitzgerald Novels
LTH
Pick 3 Villains
ddd62291
Trending Topics
Harry Potter
Marvel
Anime
Disney
Kpop
Crossword
NBA
The Office
WWE
Song
NFL
Puzzle
Pokémon
Soccer
Country
Your Account Isn't Verified!
In order to create a playlist on Sporcle, you need to verify the email address you used during registration. Go to your
Sporcle Settings
to finish the process.
Report this User
Report this user for behavior that violates our
Community Guidelines
.
Details:
Send Report
Go to the Sporcle.com Mobile Site →
Comments